01000nji a22002537a 450000500170000000600190001700700150003600800410005102800260009203500130011804000130013110000100014424501120015424600810026626000390034730000960038650000170048250000390049950501370053860000100067565000290068570000160071470000160073020100918102124.0a|||||r|||||00| 0 sd ammalaaahaa100830t xxu||||| |||| 00| 0 eng d a2393 828bMUSIC INDIA aGR-03488 aSEDcSED aSudha aThe khazana concert (Ghazals) /csung by Sudha [and] Vijay Singh; music by Yunus Malikh[sound recording] : aदी खज़ाना कॉन्सर्ट (ग़ज़ल्स) / aDum Dum, India bMUSIC INDIAc1982 a1 sound disc [Gramophone Recording]:banalog, 33 1/3 rpm c12.5 in. (LP)fGramophone Record aBrief Record aRecord labels : MUSIC INDIA, White aSide-1 (Likh dee hamne aaj ki sham) (Sudha [and] Vijay Singh) Side-2 (Kal jo pee thi aji ye to uska nasha) (Sudha [and] Vijay Singh) aSudha aGhazalszIndiaxExcerpts aVijay Singh aYunus Malik